000
00292nam a22001217a 4500
999
_c
522788
_d
522788
003
NUST
038
_a
Tanveer
082
_a
624
_b
VAZ
245
_a
Concise Handbook of Civil Engineering /
_c
V.N. Vazirani
260
_a
New Delhi :
_b
?
_c
1993
300
_a
viii, 127p. :
_c
25cm.
942
_2
ddc
_c
BK